00801cam a22002411a 4500001001300000003000400013005001700017008004100034010001700075035001900092040002100111042001200132050001400144100003600158245010700194260003100301300001900332505011700351600001900468650002300487650003200510999001700542g 01000906 DLC20260227111253.0810603s1896 gw 000 0 ger  ag 01000906  a(OCoLC)7471660 aDLCcKUdKUdDLC apremarc00aHC45b.E61 aEhrenberg, Richard,d1857-1921.14aDas Zeitalter der Fugger :bGeldkapital und Creditverkehr im 16. Jahrhundert /cvon Richard Ehrenberg. aJena :bG. Fischer,c1896. a2 v. ;c24 cm.0 aBd. 1. Die Geldmächte des 16. Jahrhunderts -- Bd. 2. Die Weltbörsen und Finanzkrisen des 16. Jahrhunderts.30aFugger family. 0aCommercexHistory. 0aBanks and bankingxHistory. c23585d23585